Zprava

Gorde:
Xehetasun bibliografikoak
Egile korporatiboa: PROUD (Repubblica Ceca), ILGA Europe
Formatua: Liburua
Hizkuntza:ingelesa
Argitaratua: Praga PROUD
Etiketak: Etiketa erantsi
Etiketarik gabe, Izan zaitez lehena erregistro honi etiketa jartzen!

MARC

LEADER 00000nam a2200000 4500
005 20241016183809.0
008 241016b |||||||| |||| 00| 0 eng d
040 |c GP 
110 |a PROUD (Repubblica Ceca) 
245 |a Zprava 
260 |a Praga  |b PROUD  
710 |a ILGA Europe 
942 |2 ddc  |c BK  |n 0 
952 |0 0  |1 0  |2 ddc  |4 0  |6 891_000000000000000_PRO  |7 1  |9 2140  |a RM  |b RM  |d 2024-10-16  |l 0  |o 891 PRO  |p 747  |r 2024-10-16 18:38:28  |w 2024-10-16  |y BK 
999 |c 1882  |d 1882